Guess the 1960s song lyrics #72 - Statistics

General Stats
  • This quiz has been taken 21 times
  • The average score is 313 of 413
Answer Stats
Answer % Correct
A
100%
a
100%
do
100%
have
100%
I
100%
love
100%
me
100%
the
100%
Why
100%
you
100%
You
100%
And
94%
and
94%
to
94%
To
94%
all
89%
that
89%
then
89%
When
89%
baby
83%
Baby
83%
be
83%
But
83%
but
83%
down
83%
I'm
83%
know
83%
let
83%
Let
83%
my
83%
need
83%
of
83%
So
83%
so
83%
will
83%
at
78%
I'll
78%
Just
78%
just
78%
More
78%
more
78%
time
78%
up
78%
you're
78%
any
72%
don't
72%
for
72%
It's
72%
say
72%
Say
72%
start
72%
around
67%
from
67%
heart
67%
If
67%
Buttercup
61%
can't
61%
could
61%
make
61%
never
61%
not
61%
over
61%
take
61%
than
61%
anyone
56%
break
56%
build
56%
Build
56%
darling
56%
still
56%
again
50%
you'd
50%
boy
44%
little
44%
mess
44%
ten
44%
call
39%
find
39%
Hey
39%
hey
39%
late
39%
told
39%
wait
39%
worst
39%
Worst
39%
adore
33%
Ooh
33%
ooh
33%
phone
33%
try
33%
went
33%
beside
28%
toy
28%
waiting
28%
happy
22%
home
22%
Although
17%
door
17%
untrue
17%
attracted
6%
No matching quizzes found
Score Distribution
Percent of People with Each Score
Percentile by Number Answered
Your Score History
You have not taken this quiz